00820nam a2200229Ii 45000010005000000030009000050080041000140200015000550400033000700410008001030840013001111000023001242450086001472640059002333000012002923360026003043370028003303380027003589400050003859990017004359520138004522300CO-ViMGA241108s9999||||xx |||||||||||||| ||und|| a9589551661 aCO-ViMGAbspaerdacCO-ViMGA0 aspa aC VAS1si1 aIrene Vasco94803810aSin pies ni cabeza "El genio del cuartito y los colores del arco iris de la piel" 1aBogotá, Colombia : Comfamiliar del Atlántico, 1998 avolumen atextbtxt2rdacontent aunmediatedbn2rdamedia avolumebnc2rdacarrier aidficha_siabuc: 2254. -- ficha_no_siabuc:2300 c42675d42675 001040708InfPoTiaMEVIGERRbMEVIGERRcSInfd2006-02-06oC VAS1sipECA16678r2024-11-26 09:06:39tEj.1w2024-11-26yBKz2254 | 2696